000
00325 a2200157 4500
001
61237
020
_a
8532251390
040
_c
Anchieta - Pituba
100
_a
Goes, Ana
240
1
0
_a
In @ction 6
_l
Ing
245
1
0
_a
In @ction 6
300
_a
168/38
362
0
_a
2003
650
4
_a
Inglês e inglês antigo
942
_c
BK
999
_c
61237
_d
61237